Shattered dream / (Record no. 133666)

MARC details
000 -LEADER
fixed length control field 00585nam a22002177a 4500
005 - DATE AND TIME OF LATEST TRANSACTION
control field 20170124110213.0
010 ## - LIBRARY OF CONGRESS CONTROL NUMBER
LC control number B-166040
020 ## - INTERNATIONAL STANDARD BOOK NUMBER
Terms of availability 150.00
International Standard Book Number 8188322571
035 ## - SYSTEM CONTROL NUMBER
System control number B-166040
037 ## - SOURCE OF ACQUISITION
Source of stock number/acquisition Cen Lib/Ret
040 ## - CATALOGING SOURCE
Original cataloging agency DPL
Language of cataloging EN
082 ## - DEWEY DECIMAL CLASSIFICATION NUMBER
Classification number N
Item number SAL
100 ## - MAIN ENTRY--PERSONAL NAME
Personal name Salam Azad
9 (RLIN) 38572
245 ## - TITLE STATEMENT
Title Shattered dream /
Statement of responsibility, etc by Salam Azad
260 ## - PUBLICATION, DISTRIBUTION, ETC. (IMPRINT)
Place of publication, distribution, etc New Delhi
Name of publisher, distributor, etc Oceans Books
Date of publication, distribution, etc 2005
270 ## - ADDRESS
Address 4/19, Asaf Ali Road
City New Delhi
Postal code 110002
300 ## - PHYSICAL DESCRIPTION
Extent 115p.
Dimensions 21cm(Hb)
650 ## - SUBJECT ADDED ENTRY--TOPICAL TERM
Topical term or geographic name as entry element English -- fiction
9 (RLIN) 38573
650 ## - SUBJECT ADDED ENTRY--TOPICAL TERM
Topical term or geographic name as entry element English -- literature
9 (RLIN) 38574
942 ## - ADDED ENTRY ELEMENTS (KOHA)
Source of classification or shelving scheme Dewey Decimal Classification
Koha item type English Books
Classification part N
Call number suffix SAL
Holdings
Withdrawn status Lost status Damaged status Not for loan Home library Current library Date acquired Source of acquisition Cost, normal purchase price Total Checkouts Full call number Barcode Date last seen Date checked out Copy number Cost, replacement price Price effective from Koha item type Source of classification or shelving scheme Collection code
        Central Library Central Library 27/07/2015 Cen Lib/Ret 150.00 1 N SAL B-166040 17/10/2020 24/08/2020 1 150.00 27/07/2015 English Books    
        Sarojini Nagar Sarojini Nagar 17/12/2018     1 N SAL B-166049 28/01/2019 13/01/2019     17/12/2018 English Books Dewey Decimal Classification Fiction

© Delhi Public Library
Hit Counter
free hit counter